Países concéntricos alrededor de Francia - Estadísticas

Estadísticas generales
  • Esta prueba ha sido intentada 47 veces
  • La puntuación promedio es 11 de 11
Respuestas en el mapa
Las respuestas están codificadas por una escala verde-roja en el mapa de la prueba según el % correcto abajo.
 
Estadísticas de respuestas
# Borders Away Respuesta % Correcto
5 Afganistán | Albania | Armenia | Benín | Bután | Bulgaria | Burkina Faso | Chad | Egipto | Gambia | Guinea | Guinea-Bissau | India | Irán | Costa de Marfil | Kosovo | Kirguistán | Laos | Myanmar | Nepal | Nicaragua | Nigeria | Macedonia del Norte | Pakistán | Corea del Sur| Sudán | Suecia | Tayikistán | Turquía | Turkmenistán | Uzbekistán | Vietnam
100%
1 Andorra | Bélgica | Brasil | Alemania | Italia | Luxemburgo | Mónaco | España | Surinam | Suiza
100%
3 Argelia | Bielorrusia | Chile | Croacia | Ecuador | Hungría | Lituania | Mauritania | Panamá | Rusia | Eslovaquia | Ucrania
100%
2 Argentina | Austria | Bolivia | Colombia | República Checa | Dinamarca | Guyana | Liechtenstein | Marruecos | Países Bajos | Paraguay | Perú | Polonia | Portugal | San Marino | Eslovenia | Uruguay | Ciudad del Vaticano | Venezuela
100%
4 Azerbaiyán | Bosnia y Herzegovina | China | Costa Rica | Estonia | Finlandia | Georgia | Kazajistán | Letonia | Libia | Malí | Moldavia | Mongolia | Montenegro | Níger | Corea del Norte | Noruega | Rumanía | Senegal | Serbia | Túnez
100%
8 Angola | Belice | Brunéi | Burundi | Indonesia | México | Omán | Catar | Ruanda | Tanzania | Emiratos Árabes Unidos | Yemen | Zambia
98%
6 Bangladés | Camboya | Camerún | República Centroafricana | Eritrea | Etiopía | Ghana | Grecia | Honduras | Irak | Israel | Liberia | Sierra Leona | Sudán del Sur | Siria | Tailandia | Togo
98%
7 República Democrática del Congo | Yibuti | El Salvador | Guinea Ecuatorial | Gabón | Guatemala | Jordania | Kenia | Kuwait | Líbano | Malasia | República del Congo | Arabia Saudita | Somalia | Uganda
98%
9 Botsuana | Timor Oriental | Malaui | Mozambique | Namibia | Papúa Nueva Guinea | Estados Unidos | Zimbabue
95%
10 Canadá | Esuatini | Sudáfrica
93%
11 Lesoto
88%
No se encontraron pruebas coincidentes
Distribución de puntuación
Porcentaje de gente con cada puntuación
Porcentaje por número respondido
Historial de tus puntuaciones
No has intentado esta prueba.